Statistics for The Purge Franchise

Click here to take the quiz!

General Stats

  • This quiz has been taken 5 times
  • The average score is 4 of 7

Answer Stats

Type Year Name Info % Correct
Film2013The PurgeUniversal
100%
Film2016The Purge: Election YearUniversal
60%
Film2018The First PurgeUniversal
60%
Film2020PurgeUniversal
60%
Film2014The Purge: AnarchyUniversal
40%
Film2016Meet the BlacksFreestyle Releasing
0%

Score Distribution

Percentile by Number Answered

Percent of People with Each Score

Your Score History

You have not taken this quiz